000 00407nam a2200181Ia 4500
001 13473
005 20260306164803.0
008 260306t2005||||xx |||||||||||||| ||spa||
041 _aESP
082 _a004.22
_bO73
100 _aOrtega Lopera, Julio
_eAUT
245 0 _aArquitectura de computadores
260 _c2005
300 _a
_c
650 _aGEN
654 _aCCC
942 _cLIB
_dJUS
_fJUS
_2ddc
_n
999 _c13473
_d13473